Library of the University of Algiers 3
Ibrahim Sultan Cheibout
شعار جامعة الجزائر 3
مكتبة جامعة الجزائر 3
إبراهيم سلطان شيبوط

مبادئ الإقتصاد الجزئي / (رقم التسجيلة. 46027)

تفاصيل مارك
000 -LEADER
fixed length control field 01729nam a2200241Ia 4500
003 - CONTROL NUMBER IDENTIFIER
control field Ost
005 - DATE AND TIME OF LATEST TRANSACTION
control field 20260507075730.0
008 - FIXED-LENGTH DATA ELEMENTS--GENERAL INFORMATION
fixed length control field 260507s9999||||xx |||||||||||||| ||und||
040 ## - CATALOGING SOURCE
Transcribing agency fsecg
041 ## - LANGUAGE CODE
Language code of text/sound track or separate title ara
082 ## - DEWEY DECIMAL CLASSIFICATION NUMBER
Classification number 338.5
100 ## - MAIN ENTRY--PERSONAL NAME
Personal name السريتي، محمد احمد
Relator term مؤلف
245 #0 - TITLE STATEMENT
Title مبادئ الإقتصاد الجزئي /
Statement of responsibility, etc. محمد احمد السريتي
260 ## - PUBLICATION, DISTRIBUTION, ETC.
Place of publication, distribution, etc. الاسكندرية:
Name of publisher, distributor, etc. الدار الجامعية,
Date of publication, distribution, etc. 2004
300 ## - PHYSICAL DESCRIPTION
Extent 420 صفحة؛
Other physical details إيضاحات ؛
Dimensions 24 سم
504 ## - BIBLIOGRAPHY, ETC. NOTE
Bibliography, etc. note بيبليوغرافيا : ص.419-420
520 ## - SUMMARY, ETC.
Summary, etc. هذا الكتاب علم الاقتصاد ، المشكلة الاقتصادية ، النظم الاقتصادية وحل المشكلة الاقتصادية ، الطلب والعرض وتوازن السوق وبعض التطبيقات على التوازن السوق ، مرونات الطلب والعرض ، تفسير سلوك المستهلك باستخدام نظرية المنفعة الحدية وباستخدام تحليل منحنيات السواء ، نظرية الانتاج ودوال الانتاج في الفترتين القصيرة والطويلة ، تكاليف الانتاج في الفترتين القصيرة والطويلة الاشكال المختلفة للاسواق توازن المشروع في سوق المنافسة الكاملة ، توازن المشروع في السوق المنافسة غير الكاملة ، الطلب على خدمات عناصر الانتاج عرض خدمات عناصر الانتاج وتحديد أسعارها
653 ## - INDEX TERM--UNCONTROLLED
Uncontrolled term الاقتصاد الجزئي
653 ## - INDEX TERM--UNCONTROLLED
Uncontrolled term الانتاج
653 ## - INDEX TERM--UNCONTROLLED
Uncontrolled term الطلب
653 ## - INDEX TERM--UNCONTROLLED
Uncontrolled term العرض
942 ## - ADDED ENTRY ELEMENTS (KOHA)
Koha item type كتب
المقتنيات
Withdrawn status Lost status Source of classification or shelving scheme Damaged status Not for loan Home library Current library Date acquired Serial enumeration / chronology Inventory number Total checkouts Full call number Barcode Date last seen Price effective from Koha item type
    Library of Congress Classification   NOT LOAN / إعارة داخلية مكتبة كلية العلوم الإقتصادية والعلوم التجارية وعلوم التسيير مكتبة كلية العلوم الإقتصادية والعلوم التجارية وعلوم التسيير 07/05/2026 الطابق الأرضي 1172/1   أ/1172ن1 1172/1 07/05/2026 07/05/2026 كتب
    Dewey Decimal Classification   Available مكتبة كلية العلوم الإقتصادية والعلوم التجارية وعلوم التسيير مكتبة كلية العلوم الإقتصادية والعلوم التجارية وعلوم التسيير 07/05/2026 الطابق الأرضي 1172/2   أ/1172ن2 1172/2 07/05/2026 07/05/2026 كتب
    Dewey Decimal Classification   Available مكتبة كلية العلوم الإقتصادية والعلوم التجارية وعلوم التسيير مكتبة كلية العلوم الإقتصادية والعلوم التجارية وعلوم التسيير 07/05/2026 الطابق الأرضي 1172/3   أ/1172ن3 1172/3 07/05/2026 07/05/2026 كتب
    Dewey Decimal Classification   Available مكتبة كلية العلوم الإقتصادية والعلوم التجارية وعلوم التسيير مكتبة كلية العلوم الإقتصادية والعلوم التجارية وعلوم التسيير 07/05/2026 الطابق الثاني 1172/4   أ/1172ن4 1172/4 07/05/2026 07/05/2026 كتب
    Dewey Decimal Classification   Available مكتبة كلية العلوم الإقتصادية والعلوم التجارية وعلوم التسيير مكتبة كلية العلوم الإقتصادية والعلوم التجارية وعلوم التسيير 07/05/2026 الطابق الثاني 1172/5   أ/1172ن5 1172/5 07/05/2026 07/05/2026 كتب

موارد الويب المفتوحة


© University of Algiers 3 All Rights Reserved
|
Implemented by LECHELAH Riad